000 00448nam a2200181Ia 4500
001 16740
005 20260306170333.0
008 260306t2009||||xx |||||||||||||| ||und||
041 _aESP
082 _a349.75
_bB45
100 _aBernárdez Cantón, Alberto
_eAUT
245 0 _aCompendio de derecho matrimonial canónico
260 _c2009
300 _a302 páginas :
_c24 cm.
650 _aGEN
654 _aCDE
942 _cLIB
_dJUS
_fJUS
_2ddc
_n
999 _c16740
_d16740